000 00829cam a22002411 4500
001 sa 65001566
003 DLC
005 20260227112110.0
008 830414s1964 ii 000 0 eng
010 _asa 65001566
025 _aPL480:I-E-3646
035 _a(OCoLC)9409636
040 _aDLC
_cViU
_dDLC
042 _apremarc
050 0 0 _aKNS2832
_b.B437 1964
100 1 _aBhattacharya, Sukumar,
_d1923-2005.
245 1 0 _aIndian income-tax law and practice;
_bincluding Income-tax act, 1961, Finance act, 1964, Wealth-tax act, Gift-tax act, The Companies (profits) surtax and Expenditure-tax act.
250 _a[2d ed.]
260 _aCalcutta,
_bNababharat Publishers
_c[1964]
300 _aviii, 524 p.
_c25 cm.
650 0 _aIncome tax
_xLaw and legislation
_zIndia.
650 0 _aTaxation
_xLaw and legislation
_zIndia.
999 _c62112
_d62112